| 000 | 00000nam##2200000za#4500 |
| 001 | 9.581191 |
| 003 | CaOODSP |
| 005 | 20210624191412 |
| 007 | cr ||||||||||| |
| 008 | 150406|2005||||xxc|||||o f|0| 0 eng|d |
| 040 | |aCaOODSP|beng |
| 043 | |an-cn--- |
| 086 | 1 |aNH18-22/105-104E-PDF |
| 110 | 2 |aCanada Mortgage and Housing Corporation. |
| 245 | 10|aIce damming field research |h[electronic resource] |
| 250 | |aRevised 2009 |
| 260 | |aOttawa - Ontario : |bCanada Mortgage and Housing Corporation |cc2005, 2009. |
| 300 | |a4p.|breferences, table |
| 490 | 1 |aResearch highlight. Technical series |v05-104 |
| 500 | |aFile reproduced from original print. |
| 590 | |a14-20-Supp|b2014-11-25 |
| 775 | 08|tÉtude sur le terrain portant sur les barrières de glace |w(CaOODSP)9.608037 |
| 776 | 0#|tIce damming field research |w(CaOODSP)9.617437 |
| 830 | #0|aResearch highlight. Technical series ;|v05-104|w(CaOODSP)9.504482 |
| 856 | 40|ahttp://publications.gc.ca|qPDF|s104 KB|uhttps://publications.gc.ca/collections/collection_2014/schl-cmhc/NH18-22-105-104-eng.pdf|y05-104 |